[Event "World School-ch U13 Girls"]
[Site "Sochi"]
[Date "2016.12.05"]
[Round "3"]
[White "Targyn, Belek"]
[Black "Usacheva, Glafira"]
[Result "0-1"]
[WhiteElo "1428"]
[BlackElo "1771"]
[PlyCount "70"]
[EventDate "2016.12.03"]
[EventType "swiss"]
[EventRounds "9"]
[EventCountry "RUS"]
[SourceTitle "EXT 2018"]
[Source "ChessBase"]
[SourceDate "2017.10.13"]
[SourceVersion "1"]
[SourceVersionDate "2017.10.13"]
[SourceQuality "1"]

1. d4 d5 2. c4 c6 3. Nf3 Nf6 4. Nbd2 Bf5 5. e3 e6 6. Nh4 Bg6 7. Nxg6 hxg6 8. b3 Bd6 9. h3 Nbd7 10. f4 Nh5 11. Qg4 Qa5 12. Qf3 Bb4 13. a3 Be7 14. h4 Ndf6 15. g3 Ne4 16. Bd3 Qc3 17. Bxe4 Qxa1 18. Bb1 Bxa3 19. 0-0 Bxc1 20. Rxc1 Qa3 21. Rf1 Qb4 22. Qe2 Nf6 23. Bc2 Qc3 24. Bb1 a5 25. Rd1 a4 26. bxa4 Rxa4 27. c5 Ra3 28. Nf1 Ke7 29. Rd3 Qc4 30. Qd1 Rxd3 31. Bxd3 Qc3 32. Qb1 Rb8 33. Bc2 Ng4 34. Qb6 Qxc2 35. Qc7+ Kf6 0-1